| 000 | 01701nam2a2200253 4500 | ||
|---|---|---|---|
| 001 | RU\NLR\BIBL_A\022752833 | ||
| 005 | 20260507140544.0 | ||
| 010 |
_a978-5-4386-2440-0 _970 |
||
| 021 |
_aRU _bКН-П-26-003130 _9КН-П-26-0282 |
||
| 035 | _a(NLR Aleph) 022752833 | ||
| 090 |
_a13636982 _c13636982 |
||
| 100 | _a20260313d2024 u y0rusy50 ca | ||
| 101 | 0 | _arus | |
| 102 | _aRU | ||
| 105 | _aa j 000yy | ||
| 200 | 1 | _aОсновы геоинформационного управления | |
| 210 | _d2024 | ||
| 215 |
_a351 с. _cил. |
||
| 320 | _aБиблиогр.: с. 345-350 (60 назв.) | ||
| 461 | 0 |
_1001RU\NLR\BIBL_A\022752832 _12001#$aГеоинформационное управление развитием природно-технических систем$eучебник$fЕ. П. Истомин, В. Л. Михеев, А. Г. Соколов, Я. А. Петров$gМинистерство науки и высшего образования Российской Федерации, Федеральное государственное бюджетное образовательное учреждение высшего образования Российский государственный гидрометеорологический университет$vТ. 1 _913654281 _cСанкт-Петербург _d2024- _fЕ. П. Истомин, В. Л. Михеев, А. Г. Соколов, Я. А. Петров _nСвое изд-во _oучебник _tГеоинформационное управление развитием природно-технических систем _vТ. 1 |
|
| 942 | _cBOOK | ||
| 980 | _aNB | ||